Statistics for Rock/Metal Musician to Instrument #1

Click here to take the quiz!

General Stats

  • This quiz has been taken 88 times
  • The average score is 8 of 15

Answer Stats

MusicianInstrument(s)% Correct
Fleabass guitar | guitar | keyboards | trumpet
100%
Frank Zappabass guitar | drums | guitar | keyboards | piano | percussion | Synclavier | synthesiser
83%
Joe Bonamassaguitar
82%
Rick Wakemankeyboards | piano
71%
Danny Careybass guitar | drums | guitar | percussion | synthesiser | tabla
70%
Jon LordHammond organ | keyboards | piano
58%
Sid Wilsonkeyboard | piano | sampler | synthesiser | turntables
53%
Layne Staleydrums | guitar
52%
Dave Navarroguitar | keyboards | piano
51%
Reginald Arvizubass guitar | guitar
48%
David Ellefsonbass guitar
47%
Nature Ganganbaigaldombra | guitar | morin khuur
38%
Tom Hamiltonbass guitar
36%
Mike Wengrendrums | percussion
31%
Clinton McKinnonkeyboards | saxophone | woodwind instruments
26%

Score Distribution

Percentile by Number Answered

Percent of People with Each Score

Your Score History

You have not taken this quiz